[Event "Hamburg Robinow op"]
[Site "Hamburg"]
[Date "2005.10.08"]
[Round "8"]
[White "Struwecker, Sigurd"]
[Black "Schwarzat, Julian"]
[Result "0-1"]
[WhiteElo "1691"]
[BlackElo "1542"]
[PlyCount "69"]
[EventDate "2005.10.01"]
[EventType "swiss"]
[EventRounds "9"]
[EventCountry "GER"]
[SourceTitle "CBM 108 Extra"]
[Source "ChessBase"]
[SourceDate "2005.11.04"]
[SourceVersion "1"]
[SourceVersionDate "2005.11.04"]
[SourceQuality "1"]

1. b4 a6 2. b5 d5 3. e3 Nf6 4. d4 c6 5. a4 e6 6. Nd2 Bd6 7. Ngf3 Nbd7 8. c4 cxb5 9. c5 Bb8 10. axb5 0-0 11. Bb2 Re8 12. Ne5 Nxe5 13. dxe5 Nd7 14. Rc1 Nxe5 15. Nf3 Ng6 16. Be2 e5 17. 0-0 Bg4 18. h3 Bxf3 19. Bxf3 e4 20. Bg4 Ne5 21. Be2 Qc7 22. g3 Rd8 23. Qd4 f6 24. Rfd1 Qd7 25. Kg2 Nf3 26. Bxf3 exf3+ 27. Kxf3 Qxh3 28. Qg4 Qxg4+ 29. Kxg4 Kf7 30. Rh1 h6 31. Rhd1 Ke6 32. f4 Rd7 33. b6 g6 34. Rh1 h5+ 35. Kf3 0-1

[Event "Hamburg Robinow op"]
[Site "Hamburg"]
[Date "2005.10.06"]
[Round "6"]
[White "Klimanek, Rainer"]
[Black "Struwecker, Sigurd"]
[Result "0-1"]
[WhiteElo "1538"]
[BlackElo "1691"]
[PlyCount "90"]
[EventDate "2005.10.01"]
[EventType "swiss"]
[EventRounds "9"]
[EventCountry "GER"]
[SourceTitle "CBM 108 Extra"]
[Source "ChessBase"]
[SourceDate "2005.11.04"]
[SourceVersion "1"]
[SourceVersionDate "2005.11.04"]
[SourceQuality "1"]

1. e4 d5 2. e5 e6 3. d4 c5 4. c3 cxd4 5. cxd4 Bb4+ 6. Nd2 Qa5 7. a3 Bxd2+ 8. Bxd2 Qb6 9. Qa4+ Bd7 10. Qb4 Nc6 11. Qxb6 axb6 12. Nf3 Nge7 13. Bd3 Na5 14. Bb4 Nb3 15. Rb1 Nc6 16. Bd6 Ncxd4 17. Nxd4 Nxd4 18. 0-0 Bb5 19. Rfd1 Bxd3 20. Rxd3 Nb5 21. Rb3 Nxd6 22. exd6 Ra6 23. Rc1 Kd7 24. Rc7+ Kxd6 25. Rxb7 Rf8 26. R7xb6+ Rxb6 27. Rxb6+ Kc5 28. Rb7 Kc6 29. Rb3 e5 30. Kf1 f5 31. Ke2 d4 32. Kd3 g5 33. h3 g4 34. hxg4 fxg4 35. Ke2 e4 36. Rb4 Kc5 37. b3 Ra8 38. Rc4+ Kd5 39. f4 Rxa3 40. Rb4 Kc5 41. Rb7 Ra2+ 42. Kf1 e3 43. Rc7+ Kd6 44. Rc4 Kd5 45. Rc8 Rf2+ 0-1

[Event "GER-ch Seniors-B 17th"]
[Site "Essen"]
[Date "2005.08.23"]
[Round "4"]
[White "Struwecker, Sigurd"]
[Black "Rose, Heinrich"]
[Result "1-0"]
[WhiteElo "1575"]
[BlackElo "2002"]
[PlyCount "63"]
[EventDate "2005.08.20"]
[EventType "swiss"]
[EventRounds "9"]
[EventCountry "GER"]
[SourceTitle "CBM 108 Extra"]
[Source "ChessBase"]
[SourceDate "2005.11.04"]
[SourceVersion "1"]
[SourceVersionDate "2005.11.04"]
[SourceQuality "1"]

1. d4 Nf6 2. Nf3 e6 3. c4 c5 4. e3 cxd4 5. exd4 Nc6 6. Be2 Bb4+ 7. Bd2 Bxd2+ 8. Qxd2 Ne4 9. Qc2 Qa5+ 10. Nbd2 Nxd2 11. Qxd2 Qxd2+ 12. Kxd2 0-0 13. Rhd1 b6 14. d5 Ne7 15. d6 Nf5 16. Ke1 f6 17. b4 Bb7 18. g4 Nh6 19. Nd4 f5 20. g5 Nf7 21. Bf3 Bxf3 22. Nxf3 Rac8 23. Rac1 Rc6 24. c5 bxc5 25. bxc5 Rfc8 26. Rc3 Rxc5 27. Rb3 R5c6 28. Rb7 Nxd6 29. Rxd7 Ne4 30. Rd8+ Rxd8 31. Rxd8+ Kf7 32. Ne5+ 1-0

[Event "Hamburg-ch qual1"]
[Site "Hamburg"]
[Date "2003.10.27"]
[Round "3"]
[White "Struwecker, Sigurd"]
[Black "Koepcke, Hans Peter"]
[Result "0-1"]
[WhiteElo "1674"]
[BlackElo "2098"]
[PlyCount "58"]
[EventDate "2003.10.??"]
[EventType "swiss"]
[EventRounds "7"]
[EventCountry "GER"]
[SourceTitle "EXT 2005"]
[Source "ChessBase"]
[SourceDate "2004.11.15"]
[SourceVersion "1"]
[SourceVersionDate "2004.11.15"]
[SourceQuality "1"]

1. b4 d5 2. Bb2 Nf6 3. Nf3 e6 4. b5 Nbd7 5. e3 Bd6 6. c4 0-0 7. d4 dxc4 8. Bxc4 Qe7 9. 0-0 e5 10. dxe5 Nxe5 11. Nxe5 Bxe5 12. Bxe5 Qxe5 13. Nd2 Bg4 14. Qc2 Rfd8 15. Rfe1 Rd7 16. f3 Bf5 17. Qc1 Rad8 18. Nb3 Bd3 19. Bxd3 Rxd3 20. Nd4 Nd5 21. Qc5 Rxe3 22. Kf2 Re8 23. Nc2 Re2+ 24. Kg1 b6 25. Qc6 Nf4 26. Kf1 g6 27. Rad1 Nxg2 28. Qc4 Nxe1 29. Nd4 Rf2+ 0-1

[Event "Bad Breisig Seniors op 3rd"]
[Site "Bad Breisig"]
[Date "2002.??.??"]
[Round "6"]
[White "Dunkel, Horst"]
[Black "Struwecker, Sigurd"]
[Result "1/2-1/2"]
[WhiteElo "1703"]
[BlackElo "1516"]
[PlyCount "116"]
[EventDate "2002.07.??"]
[EventType "swiss"]
[EventRounds "9"]
[EventCountry "GER"]
[SourceTitle "EXT 2006"]
[Source "ChessBase"]
[SourceDate "2005.11.24"]
[SourceVersion "1"]
[SourceVersionDate "2005.11.24"]
[SourceQuality "1"]

1. d4 Nf6 2. Nf3 d5 3. e3 e6 4. c4 c6 5. Nc3 c5 6. dxc5 Bxc5 7. cxd5 exd5 8. Bb5+ Nc6 9. 0-0 0-0 10. Bd2 d4 11. exd4 Nxd4 12. Nxd4 Bxd4 13. Rc1 Qb6 14. Be2 Be6 15. Na4 Qd6 16. Be3 Rfd8 17. Bxd4 Qxd4 18. Qxd4 Rxd4 19. Nc3 Rd2 20. Bf3 Rxb2 21. Rb1 Rxb1 22. Rxb1 Rb8 23. a3 b6 24. Nb5 a6 25. Nc7 Bc8 26. Rd1 Kf8 27. Rd8+ Ke7 28. Nxa6 Kxd8 29. Nxb8 Kc7 30. Nc6 Bb7 31. Ne5 Bxf3 32. Nxf3 Kd6 33. Kf1 Kc5 34. Ke2 Kc4 35. Ne5+ Kb3 36. Nxf7 Kxa3 37. Nd6 Kb3 38. h3 Nd5 39. g3 Nc3+ 40. Kd3 b5 41. f4 b4 42. f5 Nd5 43. Kd4 Nf6 44. g4 h6 45. Ke5 Kc2 46. Nb5 Kd3 47. Nd4 Kc4 48. Nc6 Nd5 49. Nxb4 Nxb4 50. Ke6 Nd5 51. Kf7 Nf4 52. Kxg7 h5 53. gxh5 Nxh5+ 54. Kh6 Nf4 55. f6 Ne6 56. Kg6 Nf4+ 57. Kg5 Ne6+ 58. Kg6 Nf4+ 1/2-1/2

[Event "Alpenpokal op 28th"]
[Site "Oberstdorf"]
[Date "2002.??.??"]
[Round "7"]
[White "Struwecker, Sigurd"]
[Black "Wassem, Michael"]
[Result "1-0"]
[WhiteElo "1750"]
[BlackElo "1401"]
[PlyCount "41"]
[EventDate "2002.01.12"]
[EventType "swiss"]
[EventRounds "9"]
[EventCountry "GER"]
[SourceTitle "EXT 2003"]
[Source "ChessBase"]
[SourceDate "2002.11.25"]
[SourceVersion "1"]
[SourceVersionDate "2002.11.25"]
[SourceQuality "1"]

1. d4 Nf6 2. Nf3 g6 3. Nbd2 Bg7 4. e4 d6 5. c3 0-0 6. Be2 Nbd7 7. 0-0 Re8 8. Re1 e5 9. dxe5 Nxe5 10. Qc2 Nxf3+ 11. Bxf3 d5 12. Re2 dxe4 13. Nxe4 Nxe4 14. Bxe4 Bf5 15. Bxf5 gxf5 16. Bf4 Rxe2 17. Qxe2 c6 18. Rd1 Qe8 19. Qxe8+ Rxe8 20. Kf1 Re7 21. Rd8+ 1-0

[Event "Bad Breisig Seniors op 3rd"]
[Site "Bad Breisig"]
[Date "2002.??.??"]
[Round "5"]
[White "Struwecker, Sigurd"]
[Black "Wild, Gerhard"]
[Result "0-1"]
[WhiteElo "1700"]
[BlackElo "1974"]
[PlyCount "122"]
[EventDate "2002.07.??"]
[EventType "swiss"]
[EventRounds "9"]
[EventCountry "GER"]
[SourceTitle "EXT 2006"]
[Source "ChessBase"]
[SourceDate "2005.11.24"]
[SourceVersion "1"]
[SourceVersionDate "2005.11.24"]
[SourceQuality "1"]

1. Nf3 d5 2. d4 Nf6 3. c4 c6 4. Nc3 e6 5. Bg5 Be7 6. e3 Nbd7 7. cxd5 exd5 8. Bd3 0-0 9. 0-0 Re8 10. Qc2 h6 11. Bh4 Ne4 12. Bxe7 Qxe7 13. Nd2 Ndf6 14. Ndxe4 dxe4 15. Be2 Bf5 16. Rad1 Rad8 17. Qb3 a6 18. Qb6 g6 19. Na4 Nd5 20. Qa5 Kg7 21. Rc1 h5 22. a3 Bc8 23. Rc2 f5 24. Rfc1 Kh6 25. Nb6 Qc7 26. Nc4 Qe7 27. Nb6 Nxb6 28. Qxb6 Rf8 29. Rc5 Qd6 30. Re5 Rf6 31. Qc5 Qxc5 32. Rcxc5 Rfd6 33. b4 Be6 34. Rc1 Bd5 35. Bc4 R8d7 36. Bxd5 Rxd5 37. Rc5 Rxe5 38. Rxe5 Kg7 39. Re8 Kf7 40. Rb8 Ke6 41. Rg8 Kf6 42. h4 Kf7 43. Rh8 Kf6 44. Rf8+ Ke6 45. Rg8 Kd5 46. Rxg6 Kc4 47. Rg5 Rf7 48. Rxh5 Kb3 49. Rg5 Kxa3 50. h5 Kxb4 51. g4 fxg4 52. Rxg4 a5 53. Rxe4 Kb3 54. Re8 a4 55. Ra8 a3 56. d5 cxd5 57. Ra5 Kb4 58. Ra7 Kb3 59. Ra5 a2 60. Kg2 b5 61. f4 b4 0-1

[Event "Wichern op 5th"]
[Site "Hamburg"]
[Date "1999.10.17"]
[Round "3"]
[White "Struwecker, Sigurd"]
[Black "Becker, Thomas2"]
[Result "0-1"]
[WhiteElo "1725"]
[BlackElo "1935"]
[PlyCount "82"]
[EventDate "1999.10.15"]
[EventType "swiss"]
[EventRounds "9"]
[EventCountry "GER"]
[SourceTitle "EXT 2001"]
[Source "ChessBase"]
[SourceDate "2000.11.22"]
[SourceVersion "1"]
[SourceVersionDate "2000.11.22"]
[SourceQuality "1"]

1. d4 Nf6 2. c4 g6 3. b3 Bg7 4. Bb2 0-0 5. Nf3 e6 6. e3 b6 7. Be2 Bb7 8. 0-0 d5 9. Nc3 Nbd7 10. Rc1 a6 11. Rc2 Re8 12. Qc1 dxc4 13. bxc4 c5 14. Rd1 cxd4 15. Nxd4 Qc7 16. Nb1 Nc5 17. Bf3 Bxf3 18. Nxf3 Red8 19. Rcd2 Rxd2 20. Nbxd2 Nd3 21. Qc2 Nxb2 22. Qxb2 Rd8 23. Qc2 b5 24. Rc1 Rc8 25. Qb1 Nd5 26. Qb3 Bf8 27. a3 Nf6 28. Rb1 bxc4 29. Nxc4 Qxc4 30. Qxc4 Rxc4 31. Ra1 Bxa3 32. Nd2 Rc1+ 33. Rxc1 Bxc1 34. Nb3 Bb2 35. Kf1 Kf8 36. Ke2 Ke7 37. Kd3 Kd6 38. Kc2 Ba3 39. Kc3 Bc5 40. Kd3 Bb6 41. g4 a5 0-1